000 00543nam a2200181Ia 4500
008 090124s9999 xx 000 0 und d
082 _b29156
100 _aराजाध्यक्ष विजया
245 _a अनामिक
250 _a1
260 _bविमल प्रकाशन
_c1990
300 _a218
600 _aराजाध्यक्ष विजया
630 _a अनामिक
700 _aराजाध्यक्ष विजया
730 _a अनामिक
942 _cBOOK
999 _c94689
_d94689